<?xml version="1.0" encoding="UTF-8"?>
<collection xmlns="http://www.loc.gov/MARC21/slim">
 <record>
  <leader>00907nam a2200229 a 4500</leader>
  <controlfield tag="001">1/50648</controlfield>
  <controlfield tag="008">051206s1991    be  u pdd     0   a0eng d</controlfield>
  <datafield tag="022" ind1="0" ind2=" ">
   <subfield code="a">1016-8060 (print)</subfield>
  </datafield>
  <datafield tag="022" ind1="0" ind2=" ">
   <subfield code="a">1725-3187 (online)</subfield>
  </datafield>
  <datafield tag="024" ind1="0" ind2=" ">
   <subfield code="a">II/466/91</subfield>
  </datafield>
  <datafield tag="035" ind1=" " ind2=" ">
   <subfield code="l">32346</subfield>
  </datafield>
  <datafield tag="040" ind1=" " ind2=" ">
   <subfield code="a">GR-PeUP</subfield>
  </datafield>
  <datafield tag="041" ind1="0" ind2=" ">
   <subfield code="a">eng</subfield>
  </datafield>
  <datafield tag="099" ind1=" " ind2=" ">
   <subfield code="a">ΚΕΤ Αλφαβητική σειρά</subfield>
  </datafield>
  <datafield tag="100" ind1="1" ind2=" ">
   <subfield code="a">Macedo, Jorge Braga de.</subfield>
  </datafield>
  <datafield tag="245" ind1="1" ind2="0">
   <subfield code="a">Labour mobility, fiscal solidarity and the exchange rate regime :</subfield>
   <subfield code="b">a parable or european union and macedo /</subfield>
   <subfield code="c">Jorge Braga de Macedo.</subfield>
  </datafield>
  <datafield tag="260" ind1="0" ind2=" ">
   <subfield code="a">Brussels- Belgium:</subfield>
   <subfield code="b">European Comission: Directorate-General for Economic and Financial Affairs,</subfield>
   <subfield code="c">1991.</subfield>
  </datafield>
  <datafield tag="300" ind1=" " ind2=" ">
   <subfield code="a">22 σ. :</subfield>
   <subfield code="b">πιν. ;</subfield>
   <subfield code="c">30 εκ.</subfield>
  </datafield>
  <datafield tag="580" ind1=" " ind2=" ">
   <subfield code="a">Economic Papers</subfield>
  </datafield>
  <datafield tag="710" ind1="2" ind2=" ">
   <subfield code="a">European Commission : Directorate-General for Economic and Financial Affairs.</subfield>
  </datafield>
  <datafield tag="773" ind1="0" ind2="8">
   <subfield code="a">Economic Papers</subfield>
   <subfield code="g">October 1991, 177</subfield>
  </datafield>
  <datafield tag="830" ind1=" " ind2=" ">
   <subfield code="a">European Economy. Economic papers ;</subfield>
   <subfield code="v">177.</subfield>
  </datafield>
 </record>
</collection>
